000 00885nam a22002057a 4500
005 20260428161218.0
010 _aB-778232-254 BACEN26
020 _a9788179309582
_c995.00
035 _aB-778232-254
037 _bSpectrum Books
082 _a000
245 _aGeneral Studies,paper-II/
_cEdited by Kalpana Rajaram,
260 _aDelhi
_bSpectrum Books (P) LTD.
_c2026
270 _aA-1, 291, First Floor Janakpuri
_bDelhi
_e110058
_k9958327924
_minfo@spectrumbooks.in
300 _aVarious p.
_c26cm(pb)
500 _aUPSC Civil Services Preliminary examination
700 _aKalpana Rajaram,
942 _2ddc
_cEN
_mGEN
_h000
999 _c215054
_d215054